| 000 | 00863cac a22002291u 4500 | ||
|---|---|---|---|
| 090 | _c5812 | ||
| 008 | 090108t 2007xxu||||| |||| 00| 0 eng d | ||
| 010 | _a 2007298603 | ||
| 020 | _a0072262761 (pbk.) | ||
| 035 | _a(OCoLC)ocm68260519 | ||
| 082 | 0 | 4 |
_a658.0557585 _bABE |
| 100 | _aAbel, John. | ||
| 245 | 1 | 0 |
_aOracle e-business suite security / _cJohn Abel. |
| 260 |
_aNew York ; _aLondon : _bMcGraw-Hill, _cc2007. |
||
| 260 | _bDistributer: Al-Ahram | ||
| 300 |
_axx, 384 p. : _bill. ; _c24 cm. |
||
| 650 | 0 | _aDatabase security. | |
| 650 | 0 | _aElectronic commerce. | |
| 856 | 4 | 1 |
_3Table of contents only _uhttp://www.loc.gov/catdir/toc/fy0715/2007298603.html |
| 942 |
_cBB _k658.0557585ABE _2ddc |
||
| 999 |
_c5812 _d5812 |
||